<?xml version="1.0" encoding="UTF-8"?>
<record
    xmlns:xsi="http://www.w3.org/2001/XMLSchema-instance"
    xsi:schemaLocation="http://www.loc.gov/MARC21/slim http://www.loc.gov/standards/marcxml/schema/MARC21slim.xsd"
    xmlns="http://www.loc.gov/MARC21/slim">

  <leader>02197njm a2200409Ia 4500</leader>
  <controlfield tag="001">23992</controlfield>
  <controlfield tag="003">IT-RoPAU</controlfield>
  <controlfield tag="005">20220918181158.0</controlfield>
  <controlfield tag="008">131025s9999    xx            000 0 und d</controlfield>
  <datafield tag="040" ind1=" " ind2=" ">
    <subfield code="a">IT-RoPAU</subfield>
  </datafield>
  <datafield tag="040" ind1=" " ind2=" ">
    <subfield code="c">IT-RoPAU</subfield>
  </datafield>
  <datafield tag="999" ind1=" " ind2=" ">
    <subfield code="c">102749</subfield>
    <subfield code="d">102749</subfield>
  </datafield>
  <datafield tag="999" ind1=" " ind2=" ">
    <subfield code="b">n.d.</subfield>
  </datafield>
  <datafield tag="100" ind1=" " ind2=" ">
    <subfield code="a">AA.VV.</subfield>
    <subfield code="9">794</subfield>
  </datafield>
  <datafield tag="100" ind1=" " ind2=" ">
    <subfield code="e">Autore musica</subfield>
    <subfield code="9">8110</subfield>
  </datafield>
  <datafield tag="100" ind1=" " ind2=" ">
    <subfield code="g">Codice autore musica SPICS: 12000</subfield>
    <subfield code="9">796</subfield>
  </datafield>
  <datafield tag="245" ind1=" " ind2=" ">
    <subfield code="a">Tumbando cha cha cha e samba (Lp Vpas 901)</subfield>
  </datafield>
  <datafield tag="250" ind1=" " ind2=" ">
    <subfield code="a">1a ed.</subfield>
  </datafield>
  <datafield tag="260" ind1=" " ind2=" ">
    <subfield code="a">MILANO</subfield>
  </datafield>
  <datafield tag="260" ind1=" " ind2=" ">
    <subfield code="b">VEDETTE RECORDS</subfield>
    <subfield code="c">1972 [1a Ed.:1972]</subfield>
  </datafield>
  <datafield tag="300" ind1=" " ind2=" ">
    <subfield code="a">DISCO</subfield>
  </datafield>
  <datafield tag="500" ind1=" " ind2=" ">
    <subfield code="a">Musica strumentale folk.</subfield>
  </datafield>
  <datafield tag="505" ind1=" " ind2=" ">
    <subfield code="a">Eso es el amor - El cumbanchero - Me gustas cuando callas - Ahora, ahora... (Ora, ora...) - Todo, todo, todo - Borriquito - Acercate mas - All&#xE0; en el Rancho Grande - Rico Vacilon - Cha cha cha de la segretaria - Patricia - Maria Cristina (Me quiere gobernar)</subfield>
  </datafield>
  <datafield tag="511" ind1=" " ind2=" ">
    <subfield code="a">Orchestra Rico De Almenda</subfield>
  </datafield>
  <datafield tag="650" ind1=" " ind2=" ">
    <subfield code="a">STRUMENTALE [DISCHI]</subfield>
    <subfield code="e">Codice MATERIA SPICS: 9950</subfield>
    <subfield code="9">828</subfield>
  </datafield>
  <datafield tag="700" ind1=" " ind2=" ">
    <subfield code="a">Iglesias P.</subfield>
    <subfield code="d">Codice autore musica SPICS: 14366</subfield>
    <subfield code="e">Autore musica</subfield>
    <subfield code="p">Eso es el amor</subfield>
    <subfield code="9">8111</subfield>
  </datafield>
  <datafield tag="700" ind1=" " ind2=" ">
    <subfield code="a">Hernandez Rafael</subfield>
    <subfield code="d">Codice autore musica SPICS: 14367</subfield>
    <subfield code="e">Autore musica</subfield>
    <subfield code="p">El cumbanchero</subfield>
    <subfield code="9">8112</subfield>
  </datafield>
  <datafield tag="700" ind1=" " ind2=" ">
    <subfield code="a">Tical H.</subfield>
    <subfield code="d">Codice autore musica SPICS: 13941</subfield>
    <subfield code="e">Autore musica</subfield>
    <subfield code="p">Me gustas cuando callas - Ahora, ahora... (Ora, ora...)</subfield>
    <subfield code="9">8113</subfield>
  </datafield>
  <datafield tag="700" ind1=" " ind2=" ">
    <subfield code="a">Selmoco</subfield>
    <subfield code="d">Codice autore musica SPICS: 13949</subfield>
    <subfield code="e">Autore musica</subfield>
    <subfield code="p">Ahora, ahora... (Ora, ora...) - Todo, todo, todo</subfield>
    <subfield code="9">8114</subfield>
  </datafield>
  <datafield tag="700" ind1=" " ind2=" ">
    <subfield code="a">Peret C.P.</subfield>
    <subfield code="d">Codice autore musica SPICS: 14368</subfield>
    <subfield code="e">Autore musica</subfield>
    <subfield code="p">Borriquito</subfield>
    <subfield code="9">8115</subfield>
  </datafield>
  <datafield tag="700" ind1=" " ind2=" ">
    <subfield code="a">Farres Osvaldo</subfield>
    <subfield code="d">Codice autore musica SPICS: 14369</subfield>
    <subfield code="e">Autore musica</subfield>
    <subfield code="p">Acercate mas</subfield>
    <subfield code="9">8116</subfield>
  </datafield>
  <datafield tag="700" ind1=" " ind2=" ">
    <subfield code="a">Reep D.</subfield>
    <subfield code="d">Codice autore musica SPICS: 14370</subfield>
    <subfield code="e">Autore musica</subfield>
    <subfield code="p">All&#xE0; en el Rancho Grande</subfield>
    <subfield code="9">8117</subfield>
  </datafield>
  <datafield tag="700" ind1=" " ind2=" ">
    <subfield code="a">Ruiz Raul</subfield>
    <subfield code="d">Codice autore musica SPICS: 1780</subfield>
    <subfield code="e">Autore musica</subfield>
    <subfield code="p">Rico Vacilon</subfield>
    <subfield code="9">8118</subfield>
  </datafield>
  <datafield tag="700" ind1=" " ind2=" ">
    <subfield code="a">Luis Pepe</subfield>
    <subfield code="d">Codice autore musica SPICS: 14371</subfield>
    <subfield code="e">Autore musica</subfield>
    <subfield code="p">Cha cha cha de la segretaria</subfield>
    <subfield code="9">8119</subfield>
  </datafield>
  <datafield tag="700" ind1=" " ind2=" ">
    <subfield code="a">Prado Perez</subfield>
    <subfield code="d">Codice autore musica SPICS: 14372</subfield>
    <subfield code="e">Autore musica</subfield>
    <subfield code="p">Patricia</subfield>
    <subfield code="9">8120</subfield>
  </datafield>
  <datafield tag="700" ind1=" " ind2=" ">
    <subfield code="a">Saquito N.</subfield>
    <subfield code="d">Codice autore musica SPICS: 14373</subfield>
    <subfield code="e">Autore musica</subfield>
    <subfield code="p">Maria Cristina (Me quiere gobernar)</subfield>
    <subfield code="9">8121</subfield>
  </datafield>
  <datafield tag="942" ind1=" " ind2=" ">
    <subfield code="c">MD</subfield>
    <subfield code="2">ddc</subfield>
  </datafield>
  <datafield tag="952" ind1=" " ind2=" ">
    <subfield code="0">0</subfield>
    <subfield code="1">0</subfield>
    <subfield code="4">0</subfield>
    <subfield code="6">23992_000000000000000</subfield>
    <subfield code="7">1</subfield>
    <subfield code="a">SPICS</subfield>
    <subfield code="b">SPICS</subfield>
    <subfield code="d">2013-10-25</subfield>
    <subfield code="l">0</subfield>
    <subfield code="o">23992</subfield>
    <subfield code="r">2013-10-25 00:00:00</subfield>
    <subfield code="w">2013-10-25</subfield>
    <subfield code="y">MD</subfield>
    <subfield code="z">Progr. Ins.: 4839 / N.Vol.: 1 / Copie: 1 - Copia rara: n.d. / date import: 01.01.2014 - By Epidotti, Trombetti, Vaglietti</subfield>
  </datafield>
</record>
